00311nam a2200121Ia 4500008004100000082001800041100002000059245005300079250000800132260002400140300000800164650001700172150301s2013 xx 000 0 und d a612.015bR13V aVASUDEVAN, D.M. aREVISION EXERCISE : BASED ON TB. OF BIOCHEMISTRY a7TH bJAYPEEaDELHIc2013 a266 aBIOCHEMISTRY